| 000 | 00910nas a2200241 4500 | ||
|---|---|---|---|
| 001 | BR9210628 | ||
| 003 | BR-BrBNA | ||
| 005 | 20231205093412.0 | ||
| 007 | ta | ||
| 008 | 230509b bl.|||p| |||| 00| 00por d | ||
| 040 |
_aBR-BrBNA _bpor _cBiblioteca Nacional de Agricultura |
||
| 041 | _a(Pt) | ||
| 072 | _aM20 | ||
| 100 | 1 | _aBarbieri, G. | |
| 245 | 1 | _aDinamica da nutricao de Astyanax scabripinnis paranae (Characiformes, Characidae)do ribeirao do Fazzari, Sao Carlos, Sao Paulo | |
| 246 | 1 | _aNutritional dynamics of Astyanax scabripinni paranae (Characiformes, Characidae)from Fazzari stream, Sao Carlos, Sao Paulo, Brazil | |
| 650 | _aLAMBARI | ||
| 650 | _aNUTRICAO ANIMAL | ||
| 650 | _aSAO PAULO | ||
| 773 | 0 |
_tRevista da Sociedade Brasileira de Zootecnia (Brazil) _xISSN 0100-4859 _g(Jan-Feb 1992), v. 21(1) p. 68-72 _wBR9210628 |
|
| 909 |
_a202311 _bLúcia _c55 _dLúcia Elande |
||
| 942 |
_2AGRIS _n0 _cANA |
||
| 999 |
_c138094 _d138094 |
||